FAO plant production and protection paper N145 Pesticide residues in food - 1997

Wedi'i Gadw mewn:
Manylion Llyfryddiaeth
Prif Awdur: FAO
Fformat: Llyfr
Iaith:Undetermined
Cyhoeddwyd: Rome FAO 1997
Pynciau:
Tagiau: Ychwanegu Tag
Dim Tagiau, Byddwch y cyntaf i dagio'r cofnod hwn!
Thư viện lưu trữ: Trung tâm Học liệu Trường Đại học Cần Thơ
LEADER 00540nam a2200193Ia 4500
001 CTU_22998
008 210402s9999 xx 000 0 und d
082 |a 632 
082 |b F218/N145 
100 |a FAO 
245 0 |a FAO plant production and protection paper N145 
245 0 |b Pesticide residues in food - 1997 
245 0 |c FAO 
260 |a Rome 
260 |b FAO 
260 |c 1997 
650 |a food conservation,pesticide 
904 |i Nguyễn Quang Điền, 980711 
980 |a Trung tâm Học liệu Trường Đại học Cần Thơ